|
|
|
|
| LEADER |
00000nab a2200000 a 4500 |
| 001 |
vtls000710361 |
| 003 |
SK-MaSNL |
| 005 |
20260302195304.0 |
| 008 |
140302c2000 xo 0 slo |
| 015 |
|
|
|a SNBRB2000/01-02332
|
| 035 |
|
|
|a CLN000062528
|
| 040 |
|
|
|a SNKBUCL
|b slo
|c SNKBUCL
|e AACR2
|
| 041 |
0 |
|
|a slo
|
| 044 |
|
|
|a xo
|c SK
|
| 080 |
|
|
|a 362.731:061.235(437.6)
|2 1997
|
| 100 |
0 |
|
|a (in)
|4 aut
|9 857185
|
| 245 |
1 |
0 |
|a Úsmev ako dar
|b spoločnosť detí z detských domovov
|c [autor] (IN)
|
| 300 |
|
|
|b Fotogr.
|
| 610 |
2 |
7 |
|a Spoločnosť priateľov detí z detských domovov - Úsmev ako dar
|2 snkbucl
|9 58186
|
| 655 |
|
7 |
|a články z novín a časopisov
|2 snkbucl
|9 267496
|
| 773 |
0 |
|
|t Učiteľské noviny
|g Roč. 50, č. 2 (2000), s. 5
|
| 850 |
|
|
|a Slovenská národná knižnica v Martine
|
| 852 |
|
|
|a SNK
|b KIS3GCP
|
| 958 |
|
|
|a SK
|
| 992 |
|
|
|a RBX
|
| 999 |
|
|
|c 1451977
|d 1453907
|